Boost your intelligence (Record no. 2881)

MARC details
000 -LEADER
fixed length control field 00386nam a22001697a 4500
005 - DATE AND TIME OF LATEST TRANSACTION
control field 20160616104218.0
008 - FIXED-LENGTH DATA ELEMENTS--GENERAL INFORMATION
fixed length control field 160616b xxu||||| |||| 00| 0 eng d
020 ## - INTERNATIONAL STANDARD BOOK NUMBER
ISBN 81-7554-139-3
041 ## - LANGUAGE CODE
Language code of text/sound track or separate title eng
082 ## - DEWEY DECIMAL CLASSIFICATION NUMBER
Item number 7911
100 ## - MAIN ENTRY--AUTHOR NAME
Personal name Alder, Harry
245 ## - TITLE STATEMENT
Title Boost your intelligence
260 ## - PUBLICATION, DISTRIBUTION, ETC. (IMPRINT)
Name of publisher Kogan Pages
Year of publication 2002
300 ## - PHYSICAL DESCRIPTION
Number of Pages 171
650 ## - SUBJECT ADDED ENTRY--TOPICAL TERM
Topical Term Management
942 ## - ADDED ENTRY ELEMENTS (KOHA)
Koha item type Books
Holdings
Lost status Damaged status Collection code Home library Current library Shelving location Date acquired Cost, normal purchase price Full call number Accession Number Koha item type
    LIFE SKILL JRU Library JRU Library SHELF-45-A 16/06/2016 195.00 7911 7911 Books